CCNP LabPro BCMSN
Giới thiệu một số bài thực hành ở cấp độ CCNP - BCMSN về đặc điểm trong các giao thức sử dụng trong hệ thống chuyển mạch.
Wedi'i Gadw mewn:
| Prif Awdur: | |
|---|---|
| Awduron Eraill: | |
| Fformat: | Llyfr |
| Iaith: | Undetermined |
| Cyhoeddwyd: |
H.
Thông tin và truyền thông
2009
|
| Pynciau: | |
| Mynediad Ar-lein: | http://lrc.tdmu.edu.vn/opac/search/detail.asp?aID=2&ID=16151 |
| Tagiau: |
Ychwanegu Tag
Dim Tagiau, Byddwch y cyntaf i dagio'r cofnod hwn!
|
| Thư viện lưu trữ: | Trung tâm Học liệu Trường Đại học Thủ Dầu Một |
|---|
| LEADER | 01064nam a2200217Ia 4500 | ||
|---|---|---|---|
| 001 | TDMU_16151 | ||
| 008 | 210410s9999 xx 000 0 und d | ||
| 082 | |a 004.6 076 | ||
| 090 | |b Đ116 | ||
| 100 | |a Đặng, Quang Minh | ||
| 245 | 0 | |a CCNP LabPro BCMSN | |
| 245 | 0 | |c Đặng Quang Minh, Hà Đức Bình, Nguyễn Anh Tuấn, Lê Trường Sơn, Phạm Đình Thông (biên soạn) | |
| 260 | |a H. | ||
| 260 | |b Thông tin và truyền thông | ||
| 260 | |c 2009 | ||
| 300 | |a 299tr. | ||
| 520 | |a Giới thiệu một số bài thực hành ở cấp độ CCNP - BCMSN về đặc điểm trong các giao thức sử dụng trong hệ thống chuyển mạch. | ||
| 650 | |a Mạng truyền thông |x BCMSN; Mạng truyền thông |x Giao thức chuyển mạch; CISCO; CCNP; Giao thức; Chuyển mạch | ||
| 700 | |a Hà, Đức Bình | ||
| 856 | |u http://lrc.tdmu.edu.vn/opac/search/detail.asp?aID=2&ID=16151 | ||
| 980 | |a Trung tâm Học liệu Trường Đại học Thủ Dầu Một | ||